000 00684nam a2200265Ia 4500
005 20260121165114.0
008 008 260114s9999 xx 000 0 eng d
020 _a9781137581716
037 _aEBOOK
040 _aCRL
040 _beng
040 _cCRL
041 _2eng
041 _aeng
084 _qCRL
100 _aLeila Kamali
_91047588
245 4 _aThe Cultural Memory of Africa in African American and Black British Fiction, 1970-2000
260 _bSpringer
260 _bSpringer
260 _c2016
856 _uhttps://link.springer.com/openurl?genre=book&isbn=978-1-137-58171-6
942 _cEBOOK
999 _c1613313
_d1613313